000 00896nam a2200277 i 4500
001 C2-0323900
003 PPAK
005 20201018153947.0
008 970120s1993 my a|||| ||||| | may d
020 _a9839980157
040 _aPPAK
_beng
_cPPAK
_erda
082 0 4 _a796.345
_223
090 0 0 _a796.345
_bAFA
_dR
090 2 0 _a796.345
_bAFA
_dG
090 2 0 _a796.345
_bAFA
_dKZR
100 0 _aA. Fadzil Che Wan
_eauthor
_cDr.
_q(Abdullah Fadzil Che Wan)
245 1 0 _aBADMINTON MALAYSIA :
_bSejarah & Perjuangan /
_cDR. A. FADZIL CHE WAN
264 1 _aKuala Lumpur :
_bENSIMAL (M) SDN BHD ,
_c1993
300 _axiii, 209 pages :
_bcolour illustrations ;
_c30 cm.
336 _2rdacontent
_atext
337 _2rdamedia
_aunmediated
338 _2rdacarrier
_avolume
650 1 0 _aBadminton (Game)
_xHistory
_z Malaysia
650 2 0 _aBadminton (Game)
_xTournaments
_xHistory
942 _cB
_2ddc
999 _c123905
_d123905